000 00490nam a2200181Ia 4500
005 20250508151146.0
008 008 250505s9999 xx 000 0 hin d
037 _aTextual
040 _aFEDL
_beng
_cFEDL
041 _ahin
_2hin
084 _a891.433, HAN
_qFEDL
100 _aHansraj
245 0 _aPremchand: Jeevan aur krititva
260 _aDelhi, India
_bAtma Ram and Sons
_c1951
300 _a259p.
942 _cTEXL
_h891.433, HAN
999 _c1327964
_d1327964